| 000 -LEADER |
| fixed length control field |
00706nam a22001937a 4500 |
| 005 - DATE AND TIME OF LATEST TRANSACTION |
| control field |
20231009103808.0 |
| 008 - FIXED-LENGTH DATA ELEMENTS--GENERAL INFORMATION |
| fixed length control field |
231009s2005 enk||||| |||| 00| 0 eng d |
| 020 ## - INTERNATIONAL STANDARD BOOK NUMBER |
| International Standard Book Number |
9076289115 |
| 041 ## - LANGUAGE CODE |
| Language code of text/sound track or separate title |
eng |
| 080 ## - UNIVERSAL DECIMAL CLASSIFICATION NUMBER |
| Universal Decimal Classification number |
94 B-85 |
| 245 ## - TITLE STATEMENT |
| Title |
The challenge of presentation : |
| Remainder of title |
visible and invisible parts of the frontiers of the Roman Empire world heritage site in the United Kingdom and Germany / |
| Statement of responsibility, etc. |
David Breeze, Andreas Thiel. |
| 264 ## - PRODUCTION, PUBLICATION, DISTRIBUTION, MANUFACTURE, AND COPYRIGHT NOTICE |
| Place of production, publication, distribution, manufacture |
Amsterdam, |
| Date of production, publication, distribution, manufacture, or copyright notice |
2005. |
| 300 ## - PHYSICAL DESCRIPTION |
| Extent |
66 p.: |
| Other physical details |
ill.; |
| Dimensions |
21 cm. |
| 653 ## - INDEX TERM--UNCONTROLLED |
| keyword |
რომის იმპერია |
| 653 ## - INDEX TERM--UNCONTROLLED |
| keyword |
პრეზენტაცია |
| 653 ## - INDEX TERM--UNCONTROLLED |
| keyword |
ისტორია |
| 700 ## - ADDED ENTRY--PERSONAL NAME |
| Personal name |
Thiel, Andreas |
| Relator term |
ავტორი |
| 9 (RLIN) |
20031 |
| 942 ## - ADDED ENTRY ELEMENTS (KOHA) |
| Source of classification or shelving scheme |
|
| Koha item type |
წიგნი |